Market in minutes (Record no. 83888)

MARC details
000 -LEADER
fixed length control field 01275cab a22002055a 4500
001 - CONTROL NUMBER
control field L155632
008 - FIXED-LENGTH DATA ELEMENTS--GENERAL INFORMATION
fixed length control field 120329e2012 xxk 000 0 eng d
035 ## - SYSTEM CONTROL NUMBER
System control number (Sirsi) u155632
041 0# - LANGUAGE CODE
Language code of text/sound track or separate title eng
110 2# - MAIN ENTRY--CORPORATE NAME
Corporate name or jurisdiction name as entry element Savills
9 (RLIN) 2020
245 00 - TITLE STATEMENT
Title Market in minutes
Remainder of title number of lenders increase but terms get tighter - February 2012
Medium [electronic resource]
260 ## - PUBLICATION, DISTRIBUTION, ETC.
Place of publication, distribution, etc. London
Name of publisher, distributor, etc. Savills
Date of publication, distribution, etc. 2012
490 #0 - SERIES STATEMENT
Series statement Savills Market in Minutes
Volume/sequential designation February 2012
520 ## - SUMMARY, ETC.
Summary, etc. Commercial prime yields continued to hold with all sectors seeing another month of no change. After 2009 and 2010's improvement in commercial investment activity, 2011 saw a 7.1% fall in volumes to £31.9bn (2010 reported 45% increase). Bank lending to the property sector seems to have virtually dried up. Savills' March 2012 list of bankers has expanded to 21 including eight German banks, and five insurance companies. The lending criteria have tightened however and become very selective. Savills' economic forecast indicates only a marginal fall in economic output in Q1 2012.
590 ## - LOCAL NOTE (RLIN)
Local note KA
651 #4 - SUBJECT ADDED ENTRY--GEOGRAPHIC NAME
Geographic name United Kingdom
690 ## - LOCAL SUBJECT ADDED ENTRY--TOPICAL TERM (OCLC, RLIN)
Topical term or geographic name as entry element Commercial property
9 (RLIN) 6227
856 40 - ELECTRONIC LOCATION AND ACCESS
Uniform Resource Identifier <a href="https://www.savills.co.uk/research/commercial-research.aspx">https://www.savills.co.uk/research/commercial-research.aspx</a>
Public note View the report after free registration at www.savills.co.uk
942 ## - ADDED ENTRY ELEMENTS (KOHA)
Suppress in OPAC 0
Holdings
Withdrawn status Lost status Source of classification or shelving scheme Damaged status Not for loan Home library Current library Shelving location Date acquired Total Checkouts Full call number Barcode Date last seen Copy number Price effective from Koha item type
    Dewey Decimal Classification     Virtual Virtual Online 29/03/2012   ONLINE PUBLICATION 155632-2001 06/08/2019 1 06/08/2019 Book